000 00391 a2200157 4500
001 166701
020 _a
040 _cMagnum
100 _aCazarré, Lourenço
240 1 0 _aO motorista que cantava assustadoras historias de amor
_lpor
245 1 0 _aO motorista que cantava assustadoras historias de amor
362 0 _a1899
440 1 _aSaraiva
697 _aJ/AVENTURA
942 _cBK
999 _c166701
_d166701